|
|
|
|
| LEADER |
01400nam a2200373Ia 4500 |
| 001 |
EBC355445 |
| 003 |
MiAaPQ |
| 005 |
20200520144314.0 |
| 006 |
m o d | |
| 007 |
cr cn||||||||| |
| 008 |
080827s2008 enka sb 001 0 eng d |
| 010 |
|
|
|z 2008007714
|
| 020 |
|
|
|z 0521858690
|
| 020 |
|
|
|z 9780511422584
|
| 020 |
|
|
|z 9780521858694
|
| 035 |
|
|
|a (MiAaPQ)EBC355445
|
| 035 |
|
|
|a (Au-PeEL)EBL355445
|
| 035 |
|
|
|a (CaPaEBR)ebr10246216
|
| 035 |
|
|
|a (CaONFJC)MIL177574
|
| 035 |
|
|
|a (OCoLC)437220387
|
| 040 |
|
|
|a MiAaPQ
|c MiAaPQ
|d MiAaPQ
|
| 050 |
|
4 |
|a HD4904.25
|b .H38 2008
|
| 245 |
0 |
0 |
|a Harmonizing work, family, and personal life
|h [electronic resource] :
|b from policy to practice /
|c [edited by] Steven A.Y. Poelmans and Paula Caligiuri.
|
| 260 |
|
|
|a Cambridge, UK ;
|a New York :
|b Cambridge University Press,
|c 2008.
|
| 300 |
|
|
|a xvii, 305 p. :
|b ill.
|
| 504 |
|
|
|a Includes bibliographical references and indexes.
|
| 533 |
|
|
|a Electronic reproduction. Ann Arbor, MI : ProQuest, 2015. Available via World Wide Web. Access may be limited to ProQuest affiliated libraries.
|
| 650 |
|
0 |
|a Quality of life.
|
| 650 |
|
0 |
|a Work and family.
|
| 655 |
|
4 |
|a Electronic books.
|
| 700 |
1 |
|
|a Caligiuri, Paula.
|
| 700 |
1 |
|
|a Poelmans, Steven A. Y.,
|d 1968-
|
| 710 |
2 |
|
|a ProQuest (Firm)
|
| 856 |
4 |
0 |
|u https://ebookcentral.proquest.com/lib/matrademy/detail.action?docID=355445
|z Click to View
|